Africa Map Click Quiz in Arabic - Statistics

General Stats
  • This quiz has been taken 79 times
  • The average score is 39 of 54
Answers on the Map
Answers color-coded by a green-red scale on the quiz's map according to % correct below.
 
Answer Stats
Answer % Correct
Tunis
88%
Aljazayir
84%
Almaghrib
84%
Libia
84%
Alsuwdan
82%
Anghula
82%
Madghashqar
82%
Burundi
80%
Iritria
80%
Jibuti
80%
Kinia
80%
Muzambiq
80%
Tanzania
80%
Tshad
80%
Alsuwmal
78%
Ghinya al'iistiwayiya
78%
Iiswatiniun
78%
Janub 'afriqia
78%
Janub alsuwdan
78%
Jumhuriat afriqia alwustaa
78%
Misr
78%
Nayjiria
78%
Uwghanda
78%
Athyubya
76%
Burkina fasw
76%
Malawi
76%
Mali
76%
Muritania
76%
Ruanda
76%
Zambia
76%
Zimbabwi
76%
Alkamirun
73%
Binin
73%
Butiswana
73%
Jumhuriat alkunghu aldiymuqratia
73%
Alnayjar
71%
Alsinighal
71%
Ghambiaa
71%
Ghinia bisaw
71%
Lisutu
71%
Ghana
69%
Jumhuriat alkunghu
69%
Murishyus
69%
Namibya
69%
Sayra liun
69%
Tuju
69%
Libiria
67%
Ghinia
65%
Aljabun
63%
Saw tumi wabrinsibi
63%
Sishil
61%
Jazur alqamar
43%
Alraas al'akhdar
37%
Sahil aleaj
27%
No matching quizzes found
Score Distribution
Percent of People with Each Score
Percentile by Number Answered
Your Score History
You have not taken this quiz